000
00331nam a2200121Ia 4500
008
151001s9999||||xx |||||||||||||| ||und||
100
_a
P. Rylands
245
_a
Johnsons life & addison
260
_b
g.bell & sons
260
_c
1901
300
_a
113
365
_b
8
999
_c
949629
_d
949626